MARC

LEADER 00000nam0a2200000 4500
001 39418
005 20231101210547.0
010 |a 9814066478 
035 |a (RuTPU)RU\TPU\book\40264 
090 |a 39418 
100 |a 20020401d2001 m y0engy50 ba 
101 0 |a eng 
102 |a ii 
105 |a a z 001zy 
200 1 |a Solid State Physics  |f N. W. Ashcroft, N. D. Mermin  |g Cornell University 
210 |a Delhi  |c Harcourt Asia PTE LTD  |d 2001  |c Harcourt College Publishers 
215 |a 826 p.  |c il. 
320 |a Index: с. 799-826. 
606 1 |a Физика твердого тела  |2 stltpush  |3 (RuTPU)RU\TPU\subj\63727  |9 80702 
610 1 |a физика 
610 1 |a твердые тела 
610 1 |a английский язык 
675 |a 539.2  |v 3 
700 1 |a Ashcroft  |b N. W. 
701 1 |a Mermin  |b N. D.  |g N. David 
712 0 2 |a Cornell University 
801 1 |a RU  |b 63413507  |c 20020401  |g PSBO 
801 2 |a RU  |b 63413507  |c 20150305  |g PSBO 
942 |c BK